000 00603nam a2200217 i 4500
001 C2-0233858
003 PPAK
005 20180727194529.0
008 010614s1967 enka|||| ||||| | eng d
040 _aPPAK
_beng
_cPPAK
_erda
082 0 4 _a686
_223
090 0 0 _a686
_bJOU
_dKSF
245 0 0 _aJournal of the printing historical society
264 1 _aGreat Britain :
_bUniversity Press ,
_c1967
300 _a50 pages :
_billustrations ;
_c25 cm
336 _2rdacontent
_atext
337 _2rdamedia
_aunmediated
338 _2rdacarrier
_avolume
650 1 0 _aPrinting, practical
942 _ddc
_cB
999 _c50273
_d50273